00602nam a22001697a 450000500170000001000130001702000260003003500110005603700130006708200110008010000290009124500940012024600560021426000520027027000870032230000230040920190603173208.0 aUR-10177 c380.00a9789387539440 aU-8732 bDBAD/PUB a840.08 aآ فتا ب عا لم aبہا ر کے معا صر ا فسا نہ نگا ر(تنقيد)cآ فتا ب عا لم bBihar ke Moasir Afsana Nigar (Urdu)aby Aftab Alam a DelhibEducational Publishing Housec2017 ء  a3191،Vakil Street,Kucha Pandit,Lal Kuan,bDelhie110006k23216162l00911123211540 a332 صc22 Cm(B.b)